Ứng dụng ma trận trong kỹ thuật Cơ học và điện học
Shranjeno v:
| Glavni avtor: | |
|---|---|
| Format: | Knjiga |
| Jezik: | Undetermined |
| Izdano: |
Hà Nội
KHKT
1978
|
| Teme: | |
| Oznake: |
Označite
Brez oznak, prvi označite!
|
| Thư viện lưu trữ: | Trung tâm Học liệu Trường Đại học Cần Thơ |
|---|
| LEADER | 00545nam a2200181Ia 4500 | ||
|---|---|---|---|
| 001 | CTU_2187 | ||
| 008 | 210402s9999 xx 000 0 und d | ||
| 082 | |a 530.152943 | ||
| 082 | |b Qu609 | ||
| 100 | |a Nguyễn Ngọc Quỳnh | ||
| 245 | 0 | |a Ứng dụng ma trận trong kỹ thuật | |
| 245 | 0 | |b Cơ học và điện học | |
| 245 | 0 | |c Nguyễn Ngọc Quỳnh | |
| 260 | |a Hà Nội | ||
| 260 | |b KHKT | ||
| 260 | |c 1978 | ||
| 650 | |a mathematical physics,matrices | ||
| 980 | |a Trung tâm Học liệu Trường Đại học Cần Thơ | ||